Designing Parental Leave Policy : (Record no. 37283)

MARC details
000 -LEADER
fixed length control field 01904nam a22002417a 4500
020 ## - INTERNATIONAL STANDARD BOOK NUMBER
ISBN 9781529201581
082 ## - DEWEY DECIMAL CLASSIFICATION NUMBER
Classification number 331.257630851
Item number BRA-D
100 ## - MAIN ENTRY--AUTHOR NAME
Personal name Brandth, Berit
Relator term author.
245 ## - TITLE STATEMENT
Title Designing Parental Leave Policy :
Sub Title the Norway model and the changing face of fatherhood /
Statement of responsibility, etc Berit Brandth and Elin Kvande
250 ## - EDITION STATEMENT
Edition statement 1st ed.
260 ## - PUBLICATION, DISTRIBUTION, ETC. (IMPRINT)
Place of publication Bristol :
Name of publisher Bristol University Press,
Year of publication 2022
300 ## - PHYSICAL DESCRIPTION
Number of Pages v, 232 p.
440 ## - SERIES STATEMENT/ADDED ENTRY--TITLE
Title Sociology of Children and Families series
500 ## - GENERAL NOTE
General note Includes Index
504 ## - BIBLIOGRAPHY, ETC. NOTE
Bibliography, etc Includes Bibliographical References
520 ## - SUMMARY, ETC.
Summary, etc The authors of this study have made a significant contribution to the field of research on everyday family life by examining fathering and care practices in the context of the welfare state. Their original study sheds light on how fathers navigate and negotiate their roles in caring for their children within a social and political context that shapes their opportunities and constraints.<br/><br/>By focusing on the experiences and perspectives of fathers, the authors have expanded our understanding of family dynamics beyond the traditional emphasis on mothers as primary caregivers. This perspective is particularly important in the context of the welfare state, where policies and institutions play a significant role in shaping family life.<br/><br/>Overall, the authors' research provides valuable insights into the complex and dynamic nature of family relationships in contemporary societies. It highlights the need for policymakers and practitioners to recognize and support the diversity of care practices within families, and to develop policies that promote gender equality and family well-being.
546 ## - LANGUAGE NOTE
Language note English.
650 ## - SUBJECT ADDED ENTRY--TOPICAL TERM
Topical Term Parental leave.
Geographic subdivision Scandinavia.
650 ## - SUBJECT ADDED ENTRY--TOPICAL TERM
Topical Term Fatherhood.
Form subdivision Scandinavia.
650 ## - SUBJECT ADDED ENTRY--TOPICAL TERM
Topical Term Parental leave
General subdivision Government policy
Geographic subdivision Scandinavia
700 ## - ADDED ENTRY--PERSONAL NAME
Personal name Kvande, Elin
Relator term author.
942 ## - ADDED ENTRY ELEMENTS (KOHA)
Source of classification or shelving scheme Dewey Decimal Classification
Koha item type Books
Holdings
Withdrawn status Lost status Damaged status Not for loan Home library Current library Shelving location Date acquired Source of acquisition Cost, normal purchase price Full call number Accession Number Cost, replacement price Price effective from Koha item type
        NASSDOC Library NASSDOC Library Book Cart 30/11/2022 7 1868.05 331.257630851 BRA-D 52587 2558.98 30/11/2022 Books